000 00946nam a2200241Ia 4500
003 OSt
005 20220926021723.0
006 a|||||r|||| 00| 0
007 ta
008 220923b |||||||| |||| 00| 0 eng d
037 _cGeneral Book
040 _aRTL
_cRTL
_beng
041 _2eng
_aeng
082 _aV1N45,933:8.N76, L6,23.1 /UN
110 _aUNITED NATIONS, GRANTING INDEPENDENCE TO COLONIAL COUNTRIES AND PEOPLES ( Special committee on-). GENERAL ASSEMBLY, OFFICIAL RECORDS, 31st SESSION
_9326715
245 0 _aReport
260 _aNew York
_bUnited Nations
_c1977
300 _avii, 176p
_ccm.
500 _aSupplement no. 23 (A/31/23/Rev.1)
700 _aUNITED NATIONS, GRANTING INDEPENDENCE TO COLONIAL COUNTRIES AND PEOPLES ( Special committee on-). GENERAL ASSEMBLY, OFFICIAL RECORDS, 31st SESSION
_9326716
942 _hV1N45,933:8.N76, L6,23.1 /UN
_cGB
_2CC
999 _c637494
_d637494